000 00295nam a22001337a 4500
008 171003b xxu||||| |||| 00| 0 eng d
020 _a9791576079873
041 _aeng
080 _a159.9
100 _a48
101 _aPSI
245 _aMARRIAGE CUSTOMS WORLD
_cMONGER,G.P
942 _2udc
_cBK
999 _c31540
_d31540